00463nam a2200193Ia 4500003000900000008004100009040001300050040001300063041000800076100001800084245007200102250001400174260001700188260000900205300001100214300001000225490000600235600002800241IT-RoPAU120407s9999 xx 000 0 und d aIT-RoPAU cIT-RoPAU aita aClemente Riva aAntonio Rosmini. - La società teocratica. A cura di Clemente Riva aBrescia,  aMorcelliana  c1963 a285 p. c20 cm v1 a1. Società teocratica